000 00527nam a2200181Ia 4500
001 10898
005 20260306161906.0
008 260306t2005||||xx |||||||||||||| ||spa||
041 _aESP
082 _a980.01
_bG317 V. 1
100 _aGaravaglia, Juan Carlos
_eAUT
245 0 _aAmérica latina de los origenes a la independencia, V. 1 américa precolombina y la consolidación del espacio colonial
260 _c2005
300 _a563 páginas :
_c23 cm.
650 _aGEN
654 _aCHU
942 _cLIB
_dJUS
_fJUS
_2ddc
_n
999 _c10898
_d10898